[Event "29.Schlosspark-Open"]
[Site "Wiesbaden-Biebrich"]
[Date "2017.08.26"]
[Round "4.1"]
[White "Donchenko, Anatoly"]
[Black "Khenkin, Igor"]
[Result "1/2-1/2"]
[WhiteElo "2291"]
[BlackElo "2565"]
[PlyCount "88"]
[EventDate "2017.??.??"]
[WhiteTeam "SK Gießen"]
[BlackTeam "SC Heusenstamm"]

1. e4 c6 2. d4 d5 3. Nc3 dxe4 4. Nxe4 Bf5 5. Ng3 Bg6 6. h4 h6 7. Nf3 e6 8. h5
Bh7 9. Bd3 Bxd3 10. Qxd3 Nf6 11. Bd2 Be7 12. O-O-O O-O 13. Ne4 Nbd7 14. Nxf6+
Nxf6 15. Qe2 Qd5 16. Kb1 Qe4 17. Qxe4 Nxe4 18. Be3 f5 19. g3 Rad8 20. Ne5 Bd6
21. Ng6 Rf7 22. c3 Rfd7 23. Kc2 Kf7 24. Kd3 Nf6 25. Nf4 c5 26. Ne2 e5 27. Kc2
cxd4 28. cxd4 e4 29. d5 Bb8 30. Nc3 Nxd5 31. Nxd5 Rxd5 32. Rxd5 Rxd5 33. Rc1 f4
34. gxf4 Rxh5 35. Kd2 Rf5 36. Ke2 a6 37. Rc4 Bxf4 38. Bxf4 Rxf4 39. Rc7+ Kg6
40. Rxb7 h5 41. Ra7 Rf6 42. Re7 Rb6 43. b3 Rc6 44. Ke3 Kf6 1/2-1/2

[Event "29.Schlosspark-Open"]
[Site "Wiesbaden-Biebrich"]
[Date "2017.08.26"]
[Round "4.2"]
[White "Pap, Misa"]
[Black "Minor, Samuel"]
[Result "1/2-1/2"]
[WhiteElo "2491"]
[BlackElo "2244"]
[PlyCount "94"]
[EventDate "2017.??.??"]
[WhiteTeam "SC Hansa Dortmund"]
[BlackTeam "Wiesbadener SV"]

1. e4 e6 2. d4 d5 3. Nd2 c5 4. exd5 Qxd5 5. Ngf3 cxd4 6. Bc4 Qd6 7. O-O Nf6 8.
Nb3 Nc6 9. Nbxd4 Nxd4 10. Nxd4 a6 11. c3 Qc7 12. Qe2 Bd7 13. Re1 Bd6 14. Nf5
Bxh2+ 15. Kh1 O-O 16. g3 exf5 17. Bf4 Qc6+ 18. Kxh2 Rfe8 19. Qf1 Nd5 20. Bxd5
Qxd5 21. Rad1 Rxe1 22. Qxe1 Qe6 23. Qxe6 Bxe6 24. b3 f6 25. Rd6 Re8 26. c4 Kf7
27. Kg1 h5 28. Be3 f4 29. Bxf4 Bg4 30. Be3 Bf3 31. Kf1 Re6 32. Rd7+ Re7 33. Rd4
g5 34. Ke1 Ke6 35. a4 Rd7 36. Rxd7 Kxd7 37. a5 Ke6 38. b4 Ke5 39. Kf1 h4 40.
gxh4 gxh4 41. b5 h3 42. Kg1 axb5 43. cxb5 Be2 44. f4+ Kf5 45. a6 bxa6 46. bxa6
Bxa6 47. Kh2 Kg4 1/2-1/2

[Event "29.Schlosspark-Open"]
[Site "Wiesbaden-Biebrich"]
[Date "2017.08.26"]
[Round "4.3"]
[White "Haag, Martin"]
[Black "Milov, Leonid"]
[Result "1/2-1/2"]
[WhiteElo "2263"]
[BlackElo "2444"]
[PlyCount "94"]
[EventDate "2017.??.??"]
[WhiteTeam "SC Bonn Beuel"]
[BlackTeam "SC Noris-Tarrasch Nürnberg"]

1. c4 f5 2. g3 Nf6 3. Bg2 e5 4. d3 Bb4+ 5. Bd2 Bxd2+ 6. Qxd2 O-O 7. Nc3 d6 8.
Nf3 a5 9. O-O Na6 10. b3 c6 11. a3 Nc5 12. Qc2 Ne6 13. b4 Nd4 14. Qb2 Nxf3+ 15.
Bxf3 Qe8 16. Bg2 Be6 17. b5 d5 18. bxc6 bxc6 19. cxd5 cxd5 20. Nb5 Rb8 21. a4
Bd7 22. Qc3 Bxb5 23. axb5 Rxb5 24. Rxa5 Rxa5 25. Qxa5 e4 26. Rc1 Qh5 27. e3 h6
28. d4 Rb8 29. Qa2 Kh7 30. Bf1 Qf7 31. Bh3 Qh5 32. Bf1 Rb7 33. Be2 Qf7 34. h4
Rb6 35. Kg2 Qb7 36. Rc2 h5 37. Qa5 Kh6 38. Qc5 Rb2 39. Qc3 Rb1 40. Qa5 Rb6 41.
Qc5 Rb2 42. Rxb2 Qxb2 43. Kf1 Qb1+ 44. Kg2 Qb2 45. Kf1 Qb1+ 46. Kg2 Qe1 47. Qb5
Qd2 1/2-1/2

[Event "29.Schlosspark-Open"]
[Site "Wiesbaden-Biebrich"]
[Date "2017.08.26"]
[Round "4.4"]
[White "Müller, Philipp"]
[Black "Dereviagin, Vladislav"]
[Result "1/2-1/2"]
[WhiteElo "2223"]
[BlackElo "2320"]
[PlyCount "58"]
[EventDate "2017.??.??"]
[WhiteTeam "SK Rochade Augsburg"]
[BlackTeam "vereinslos"]

1. e4 c5 2. Nf3 d6 3. Bb5+ Nc6 4. Bxc6+ bxc6 5. O-O e5 6. c3 Bg4 7. d4 cxd4 8.
cxd4 Bxf3 9. gxf3 exd4 10. Qxd4 Qb6 11. Qc3 Nf6 12. Na3 Be7 13. Be3 Qc7 14.
Rac1 Rb8 15. Qxc6+ Qxc6 16. Rxc6 d5 17. exd5 Rd8 18. d6 Bxd6 19. Nc4 Bb8 20.
Bc5 Nd5 21. Rd1 Nf4 22. Bd6 Ne6 23. Rd3 h5 24. Ra3 Rh6 25. Bxb8 Rd1+ 26. Kg2
Rg6+ 27. Kh3 Nf4+ 28. Kh4 Rxc6 29. Nd6+ Rcxd6 1/2-1/2

[Event "29.Schlosspark-Open"]
[Site "Wiesbaden-Biebrich"]
[Date "2017.08.26"]
[Round "4.5"]
[White "Pohle, Dirk"]
[Black "Spitzl, Vinzent"]
[Result "1/2-1/2"]
[WhiteElo "2180"]
[BlackElo "2310"]
[PlyCount "84"]
[EventDate "2017.??.??"]
[WhiteTeam "SC Solingen 28"]
[BlackTeam "SV Griesheim"]

1. e4 c6 2. c4 d5 3. cxd5 cxd5 4. exd5 Qxd5 5. Nc3 Qa5 6. d4 e6 7. Nf3 Nf6 8.
Bc4 Nbd7 9. Bd2 Qd8 10. O-O Nb6 11. Bb3 Be7 12. Qe2 O-O 13. Rfd1 Nbd5 14. Rac1
b6 15. Ne5 Bb7 16. Ne4 Nxe4 17. Qxe4 Rb8 18. Qg4 Nf6 19. Qh3 Nd5 20. Bc2 f5 21.
Ba4 Bg5 22. Nc6 Bxc6 23. Bxc6 Bxd2 24. Rxd2 Rc8 25. Rdd1 Qd6 26. Bb5 Rxc1 27.
Rxc1 Qb4 28. Bd7 Qd6 29. Bb5 Qb4 30. Bd7 Nf4 31. Qe3 Qd6 32. Bb5 Rd8 33. Bc4
Nd5 34. Qe5 Qxe5 35. dxe5 Rc8 36. Rc2 Kf7 37. a3 Rd8 38. g3 Ke7 39. Bb5 g5 40.
Kf1 Rf8 41. Bc6 Rc8 42. Rc4 Rd8 1/2-1/2

[Event "29.Schlosspark-Open"]
[Site "Wiesbaden-Biebrich"]
[Date "2017.08.26"]
[Round "4.6"]
[White "Stork, Oliver"]
[Black "Ehmann, Thilo"]
[Result "1-0"]
[WhiteElo "2093"]
[BlackElo "2294"]
[PlyCount "112"]
[EventDate "2017.??.??"]
[WhiteTeam "SV Oberursel"]
[BlackTeam "SF Sasbach"]

1. c4 c5 2. g3 Nf6 3. Bg2 d5 4. cxd5 Nxd5 5. Nc3 Nc7 6. Nf3 Nc6 7. O-O e5 8. a3
f6 9. e3 Ne6 10. d4 cxd4 11. exd4 exd4 12. Ne2 a5 13. Nf4 Be7 14. Qb3 a4 15.
Qc4 Nc5 16. Re1 Nb3 17. Rb1 Ra5 18. Bd2 Rc5 19. Qxa4 Nxd2 20. Nxd2 O-O 21. Ne6
Bxe6 22. Rxe6 Qd7 23. Rbe1 Bd8 24. Nb3 Re5 25. Qc4 Qxe6 26. Qxe6+ Rxe6 27. Rxe6
Kf7 28. Bd5 Ne7 29. Rd6+ Nxd5 30. Rxd5 Ke6 31. Rxd4 Be7 32. Rc4 Kd7 33. Nc5+
Bxc5 34. Rxc5 Re8 35. Rc2 Re5 36. Kg2 Rb5 37. b4 Rd5 38. Rc3 Rf5 39. f4 Rd5 40.
Kf3 Rd1 41. Ke4 Re1+ 42. Kd5 Re2 43. h4 Re1 44. Kc5 Kc7 45. Kb5+ Kb8 46. a4 Re4
47. a5 Re6 48. Kc5 Rc6+ 49. Kd4 Rd6+ 50. Ke4 Re6+ 51. Kd5 Re1 52. Kc5 g5 53. b5
Re4 54. Rd3 gxf4 55. gxf4 Re6 56. Rd6 Rxd6 1-0

[Event "29.Schlosspark-Open"]
[Site "Wiesbaden-Biebrich"]
[Date "2017.08.26"]
[Round "4.7"]
[White "Gutman, Lev"]
[Black "Malzahn, Sven"]
[Result "1-0"]
[WhiteElo "2410"]
[BlackElo "2052"]
[PlyCount "63"]
[EventDate "2017.??.??"]
[WhiteTeam "SV Lingen"]
[BlackTeam "TuS Dotzheim"]

1. Nf3 d6 2. d4 Nf6 3. g3 Nbd7 4. Bg2 e5 5. O-O Be7 6. c4 O-O 7. Nc3 c6 8. Qc2
a6 9. Rd1 Qc7 10. a4 a5 11. h3 Re8 12. Be3 exd4 13. Nxd4 g6 14. Rd2 Nc5 15.
Rad1 Nfd7 16. Nf3 Ne5 17. Nxe5 dxe5 18. Bxc5 Bxc5 19. Ne4 Qe7 20. Rd7 Bxd7 21.
Rxd7 Qf8 22. Nf6+ Kg7 23. Nxe8+ Qxe8 24. Rxb7 Bb4 25. Qe4 Rc8 26. Rb6 c5 27.
Rb7 Rd8 28. Qe3 Rd7 29. Rxd7 Qxd7 30. Qxe5+ Kg8 31. Bd5 Bd2 32. Kg2 1-0

[Event "29.Schlosspark-Open"]
[Site "Wiesbaden-Biebrich"]
[Date "2017.08.26"]
[Round "4.8"]
[White "Carow, Annelen"]
[Black "Brendel, Oliver"]
[Result "0-1"]
[WhiteElo "2120"]
[BlackElo "2329"]
[PlyCount "68"]
[EventDate "2017.??.??"]
[WhiteTeam "SF Heidesheim"]
[BlackTeam "SV Hofheim"]

1. d4 Nf6 2. c4 g6 3. f3 Nc6 4. d5 Ne5 5. e4 d6 6. Nc3 Bg7 7. f4 Ned7 8. Nh3 c6
9. Nf2 Qb6 10. Na4 Qc7 11. Be3 b5 12. dxc6 bxa4 13. cxd7+ Bxd7 14. Bd3 O-O 15.
O-O Rab8 16. Rb1 Rb7 17. Qe2 Rfb8 18. Rfc1 Nh5 19. Nd1 e5 20. fxe5 Bxe5 21. g3
Nf6 22. Nc3 Ng4 23. Nb5 Qd8 24. Bf4 Qb6+ 25. Kf1 Qc5 26. Nc3 h5 27. Kg2 h4 28.
h3 hxg3 29. hxg4 Bxf4 30. Rf1 Be5 31. Qf3 Rxb2+ 32. Be2 Qxc4 33. Rxb2 Rxb2 34.
Kh3 Bxc3 0-1

[Event "29.Schlosspark-Open"]
[Site "Wiesbaden-Biebrich"]
[Date "2017.08.26"]
[Round "4.9"]
[White "Boidman, Yuri"]
[Black "Goloborodko, Dimitri"]
[Result "1-0"]
[WhiteElo "2319"]
[BlackElo "2114"]
[PlyCount "89"]
[EventDate "2017.??.??"]
[WhiteTeam "SC Heimbach-Weis"]
[BlackTeam "SG Idstein"]

1. Nf3 d5 2. d4 c6 3. c4 e6 4. e3 f5 5. Bd3 Nf6 6. Ne5 Bd6 7. O-O O-O 8. Nc3
Nbd7 9. Nxd7 Bxd7 10. f3 Qb8 11. h3 Nh5 12. Ne2 Ng3 13. Nxg3 Bxg3 14. Bd2 Qd8
15. Bb4 Rf6 16. f4 Rh6 17. Be1 Bxe1 18. Qxe1 Qe7 19. Kh2 g5 20. fxg5 Qxg5 21.
Qg3 Rg6 22. Rf3 Qxg3+ 23. Rxg3 Kf7 24. cxd5 cxd5 25. Rc1 Rc8 26. Rxc8 Bxc8 27.
Rf3 Ke7 28. g4 Rg5 29. gxf5 exf5 30. h4 Rg4 31. Bxf5 Bxf5 32. Rxf5 Re4 33. Rh5
Kd6 34. Rh6+ Kd7 35. Rxh7+ Kc6 36. Rh6+ Kc7 37. h5 Rxe3 38. Rg6 Re4 39. Kg3
Rxd4 40. h6 Rd1 41. Rg4 Rh1 42. Rh4 Rg1+ 43. Kf4 Rg8 44. h7 Rh8 45. Rh6 1-0

[Event "29.Schlosspark-Open"]
[Site "Wiesbaden-Biebrich"]
[Date "2017.08.26"]
[Round "4.10"]
[White "Muckle, Julius"]
[Black "Biegler, Markus"]
[Result "1-0"]
[WhiteElo "2309"]
[BlackElo "2071"]
[PlyCount "77"]
[EventDate "2017.??.??"]
[WhiteTeam "SK Ludwigshafen"]
[BlackTeam "SC Illingen"]

1. d4 e6 2. c4 f5 3. g3 Nf6 4. Bg2 Be7 5. Nf3 O-O 6. O-O d6 7. Nc3 a5 8. b3 Ne4
9. Bb2 Nd7 10. Nxe4 fxe4 11. Nd2 d5 12. f3 e3 13. Nb1 dxc4 14. bxc4 c5 15. Qc1
Qb6 16. dxc5 Qxc5 17. Ba3 Qe5 18. Bxe7 Qxa1 19. Bxf8 Nxf8 20. Nc3 Qxc1 21. Rxc1
Bd7 22. f4 Rc8 23. Nd1 b5 24. Nxe3 bxc4 25. Rxc4 Rxc4 26. Nxc4 Bb5 27. Nxa5
Bxe2 28. Kf2 Bb5 29. Bc6 Ba6 30. Nb7 Kf7 31. Nc5 Bc4 32. a4 Ke7 33. Ke3 Kd6 34.
Kd4 Be2 35. Be4 g5 36. a5 gxf4 37. gxf4 Ng6 38. a6 Bxa6 39. Bxg6 1-0

[Event "29.Schlosspark-Open"]
[Site "Wiesbaden-Biebrich"]
[Date "2017.08.26"]
[Round "4.11"]
[White "Bauer, Claus"]
[Black "Nehmert, Ulrich"]
[Result "0-1"]
[WhiteElo "2102"]
[BlackElo "2276"]
[PlyCount "88"]
[EventDate "2017.??.??"]
[WhiteTeam "SF Mainz"]
[BlackTeam "Wiesbadener SV"]

1. d4 Nf6 2. Nf3 c5 3. e3 g6 4. dxc5 Na6 5. a3 Nxc5 6. b4 Nce4 7. Bb2 Bg7 8.
Nbd2 Nxd2 9. Nxd2 O-O 10. Be2 a5 11. c4 d6 12. O-O Be6 13. Bc3 Qc7 14. Rc1 Rfc8
15. Bd4 Nd7 16. Bxg7 Kxg7 17. Qb3 Kg8 18. Qb2 Qb6 19. Rb1 Bf5 20. e4 Be6 21.
Rfc1 f5 22. Nf3 Nf6 23. Ng5 Bd7 24. e5 Ne4 25. c5 dxc5 26. Qa2+ Kh8 27. bxc5
Qc7 28. Nxe4 fxe4 29. e6 Bc6 30. Qb2+ Kg8 31. Rc3 Rf8 32. Qd2 Rad8 33. Qe3 Rd5
34. Rf1 Qe5 35. Rc4 Rdd8 36. Rcc1 Kg7 37. Bc4 Rf5 38. Be2 Rd5 39. Rfd1 Rxc5 40.
Bc4 Qf4 41. Qd4+ Qe5 42. Qd8 Qf6 43. Rd7 Bxd7 44. exd7 Rxc4 0-1

[Event "29.Schlosspark-Open"]
[Site "Wiesbaden-Biebrich"]
[Date "2017.08.26"]
[Round "4.12"]
[White "Flach, Erich"]
[Black "Nagel, Bernhard"]
[Result "0-1"]
[WhiteElo "2105"]
[BlackElo "2212"]
[PlyCount "62"]
[EventDate "2017.??.??"]
[WhiteTeam "SK Langen"]
[BlackTeam "Kölner SK Dr. Lasker"]

1. Nf3 d5 2. c4 c6 3. d4 Nf6 4. Nc3 e6 5. Bg5 Nbd7 6. cxd5 exd5 7. e3 Be7 8.
Qc2 O-O 9. Bd3 Re8 10. O-O-O Nf8 11. h3 Be6 12. Kb1 a5 13. Ne5 N6d7 14. Bxe7
Qxe7 15. Nxd7 Bxd7 16. Na4 Rad8 17. Rc1 Bc8 18. Nb6 Qc7 19. Qb3 Be6 20. Rc5 Nd7
21. Nxd7 Rxd7 22. Qa4 Ra8 23. b4 b5 24. Qc2 axb4 25. Bxb5 b3 26. axb3 g6 27.
Bd3 Qb8 28. Qb2 Rda7 29. Rhc1 Ra3 30. R5c3 Qa7 31. Rxc6 Ra1+ 0-1

[Event "29.Schlosspark-Open"]
[Site "Wiesbaden-Biebrich"]
[Date "2017.08.26"]
[Round "4.13"]
[White "Held, Carsten"]
[Black "Friesen, Viktor"]
[Result "1/2-1/2"]
[WhiteElo "2063"]
[BlackElo "2167"]
[PlyCount "55"]
[EventDate "2017.??.??"]
[WhiteTeam "SC Ladja Roßdorf"]
[BlackTeam "SC Porta Westfalica"]

1. Nf3 Nf6 2. c4 c6 3. Nc3 d5 4. e3 g6 5. d4 Bg7 6. Be2 O-O 7. O-O a6 8. Qb3
dxc4 9. Bxc4 b5 10. Be2 Be6 11. Qc2 h6 12. b3 Nbd7 13. Rd1 Qc7 14. Bb2 c5 15.
Rac1 Rac8 16. h3 Qb7 17. Qd2 Rfd8 18. Qe1 c4 19. bxc4 Bxc4 20. Bxc4 Rxc4 21.
Nd2 Rcc8 22. Nb3 Nb6 23. Ba3 Nc4 24. Bb4 e6 25. Rb1 Bf8 26. Bxf8 Kxf8 27. Nc5
Qc6 28. a4 1/2-1/2

[Event "29.Schlosspark-Open"]
[Site "Wiesbaden-Biebrich"]
[Date "2017.08.26"]
[Round "4.14"]
[White "Kiefer, Daniel"]
[Black "Seidel, Jürgen"]
[Result "1-0"]
[WhiteElo "2219"]
[BlackElo "2004"]
[PlyCount "103"]
[EventDate "2017.??.??"]
[WhiteTeam "SF Mainz"]
[BlackTeam "TuS Dotzheim"]

1. d4 d6 2. e4 Nf6 3. Nc3 e5 4. Nge2 Be7 5. g3 c6 6. Bg2 O-O 7. a4 a5 8. O-O
Nbd7 9. h3 exd4 10. Nxd4 Nc5 11. g4 d5 12. exd5 Nxd5 13. Nxd5 cxd5 14. Nb5 Be6
15. f4 Ne4 16. f5 Bc5+ 17. Kh2 Qh4 18. Bxe4 dxe4 19. fxe6 fxe6 20. Bf4 Bf2 21.
Qd6 Rad8 22. Qxe6+ Kh8 23. Qe5 Rfe8 24. Qg5 e3 25. Qxh4 Bxh4 26. Nd6 e2 27.
Rfe1 Bxe1 28. Rxe1 Rf8 29. Bg3 h5 30. Rxe2 hxg4 31. hxg4 Rd7 32. Kg2 Rc7 33. c3
Kg8 34. Re5 Rd8 35. Rxa5 Rc6 36. Rd5 Kf8 37. Rf5+ Kg8 38. Nxb7 Rd2+ 39. Rf2
Rxf2+ 40. Bxf2 Rc4 41. Kf3 Rxa4 42. b4 Kf7 43. Bd4 g6 44. g5 Ra1 45. Nc5 Ke7
46. Ke4 Kd6 47. Kd3 Rd1+ 48. Kc4 Rf1 49. b5 Rf5 50. b6 Kc6 51. b7 Kc7 52. Be5+
1-0

[Event "29.Schlosspark-Open"]
[Site "Wiesbaden-Biebrich"]
[Date "2017.08.26"]
[Round "4.15"]
[White "Jahnel, Günther"]
[Black "Speck, Stefan"]
[Result "1-0"]
[WhiteElo "2222"]
[BlackElo "2000"]
[PlyCount "59"]
[EventDate "2017.??.??"]
[WhiteTeam "FVS ASP Hoyerswerda"]
[BlackTeam "SC Solingen 28"]

1. d4 c5 2. d5 e6 3. c4 exd5 4. cxd5 d6 5. Nc3 Ne7 6. Nf3 Ng6 7. e3 Be7 8. Be2
O-O 9. Nd2 Na6 10. O-O Nc7 11. f4 Rb8 12. a4 b6 13. Nde4 f5 14. Ng3 a6 15. e4
fxe4 16. Ncxe4 Bb7 17. f5 Ne5 18. Nc3 Qd7 19. Bf3 b5 20. Be4 Ne8 21. Nh5 Nf6
22. Nxf6+ Bxf6 23. Ne2 Nc4 24. Qc2 Qe7 25. axb5 axb5 26. Nf4 Qe5 27. Ne6 Rf7
28. Rd1 Bc8 29. Ra2 Bxe6 30. dxe6 1-0

[Event "29.Schlosspark-Open"]
[Site "Wiesbaden-Biebrich"]
[Date "2017.08.26"]
[Round "4.16"]
[White "Chandler, Patrick"]
[Black "Tremöhlen, Thomas"]
[Result "1-0"]
[WhiteElo "2211"]
[BlackElo "1986"]
[PlyCount "101"]
[EventDate "2017.??.??"]
[WhiteTeam "SC Nied"]
[BlackTeam "SG Kaarst"]

1. e4 c5 2. Nf3 Nc6 3. d4 cxd4 4. Nxd4 e5 5. Nb5 a6 6. N5c3 Bc5 7. Bc4 Nf6 8.
O-O h6 9. a4 O-O 10. Be3 Bxe3 11. fxe3 d6 12. b3 Be6 13. Nd2 Bxc4 14. Nxc4 Nxe4
15. Nxe4 d5 16. Nxe5 Nxe5 17. Nc3 Qg5 18. Nxd5 Ng4 19. Qf3 Rae8 20. Rae1 f5 21.
h3 Ne5 22. Qf4 Qd8 23. Rd1 Qc8 24. c4 Ng6 25. Qg3 Kh7 26. Rd4 Qc5 27. b4 Qc6
28. a5 Ne5 29. Rfd1 Qa4 30. c5 Nc6 31. R4d2 Qb3 32. Rd3 Qc2 33. Nf4 Ne5 34.
R3d2 Qc3 35. Nd5 Qb3 36. Qf4 Ng6 37. Qf1 Re4 38. Rd3 Qc4 39. Rd4 Qxf1+ 40. Kxf1
Re5 41. Kf2 Rfe8 42. R1d3 Nf8 43. Nb6 R5e7 44. Nc4 Ne6 45. Rd7 Ng5 46. Rxe7
Rxe7 47. Nd6 g6 48. h4 Ne6 49. Nc8 Rf7 50. Rd6 Nf8 51. Rb6 1-0

[Event "29.Schlosspark-Open"]
[Site "Wiesbaden-Biebrich"]
[Date "2017.08.26"]
[Round "4.17"]
[White "Hermannsdörfer, Frank"]
[Black "Egli, Urs"]
[Result "1-0"]
[WhiteElo "2180"]
[BlackElo "1983"]
[PlyCount "75"]
[EventDate "2017.??.??"]
[WhiteTeam "SV Liebschwitz"]
[BlackTeam "Sihlfeld(Zürich)"]

1. b3 f5 2. Bb2 Nf6 3. Bxf6 exf6 4. c4 c6 5. e3 d5 6. Nf3 Nd7 7. Nd4 Nb6 8. Qc2
g6 9. cxd5 Qxd5 10. Be2 Bc5 11. Nf3 Be6 12. O-O Be7 13. d3 O-O 14. Nbd2 Rad8
15. a3 Qd6 16. Rfb1 f4 17. e4 g5 18. h3 f5 19. exf5 Bxf5 20. Ne4 Qg6 21. Nc5
Bc8 22. Rc1 h5 23. d4 Qxc2 24. Rxc2 g4 25. hxg4 hxg4 26. Ne5 Bf5 27. Rcc1 f3
28. Bd3 Rxd4 29. b4 fxg2 30. Bxf5 Rxf5 31. Ned3 Nd5 32. Re1 Bh4 33. Re4 Rxe4
34. Nxe4 Rf3 35. Ne5 Nf4 36. Nxg4 Ne2+ 37. Kxg2 Rf5 38. Nh6+ 1-0

[Event "29.Schlosspark-Open"]
[Site "Wiesbaden-Biebrich"]
[Date "2017.08.26"]
[Round "4.18"]
[White "Engel, Berthold"]
[Black "Kalepky, Helmut"]
[Result "1/2-1/2"]
[WhiteElo "2177"]
[BlackElo "1971"]
[PlyCount "147"]
[EventDate "2017.??.??"]
[WhiteTeam "BG Buchen"]
[BlackTeam "SF Heidesheim"]

1. e4 e5 2. Nf3 Nc6 3. Bb5 Nge7 4. d3 g6 5. Bg5 Bg7 6. Bxc6 bxc6 7. Qd2 f6 8.
Be3 d6 9. Nc3 Bg4 10. Ng1 Be6 11. Nge2 g5 12. d4 h6 13. Ng3 Kf7 14. Qe2 Qd7 15.
h4 exd4 16. Bxd4 c5 17. Be3 g4 18. O-O-O Qc6 19. Nh5 Bd7 20. Qc4+ Be6 21. Qd3
Ng6 22. Nd5 Bxd5 23. exd5 Qa4 24. Kb1 Rab8 25. Bc1 Ne5 26. Qf5 Qd7 27. Qxd7+
Nxd7 28. Rhe1 Rhe8 29. Ng3 Nb6 30. Rxe8 Rxe8 31. b3 c4 32. Be3 cxb3 33. axb3 a5
34. c4 a4 35. Bxb6 cxb6 36. bxa4 Ra8 37. Kc2 Rxa4 38. Kb3 Ra5 39. Nf5 Bf8 40.
Nd4 h5 41. Re1 Ra8 42. Re2 Kg6 43. Ra2 Rxa2 44. Kxa2 Bh6 45. Nb5 Bf4 46. Kb3
Be5 47. Kc2 f5 48. Kd3 Kf7 49. Ke3 Ke7 50. Nc7 f4+ 51. Ke4 Bf6 52. Ne6 f3 53.
gxf3 Bxh4 54. fxg4 hxg4 55. Kf4 Bxf2 56. Kxg4 Kf6 57. Kf4 Bc5 58. Ke4 Bg1 59.
Nd8 Bc5 60. Nc6 Kg5 61. Ne7 Kf6 62. Nc8 Kg5 63. Kd3 Kf4 64. Na7 Kf3 65. Nb5 Kf4
66. Nc3 Ke5 67. Ne2 b5 68. cxb5 Kxd5 69. Nc3+ Ke6 70. Kc4 Bf2 71. Nd5 Kd7 72.
Nf4 Kc7 73. Nd3 Bg1 74. Kb4 1/2-1/2

[Event "29.Schlosspark-Open"]
[Site "Wiesbaden-Biebrich"]
[Date "2017.08.26"]
[Round "4.19"]
[White "Köllner, Ruben Gideon"]
[Black "Zimmer, Gerald"]
[Result "1/2-1/2"]
[WhiteElo "2176"]
[BlackElo "1963"]
[PlyCount "74"]
[EventDate "2017.??.??"]
[WhiteTeam "SG Bochum"]
[BlackTeam "SC Bergen-Enkheim"]

1. d4 e6 2. Nf3 Nf6 3. Nbd2 d5 4. e3 c5 5. c3 Nc6 6. Bd3 cxd4 7. exd4 Bd6 8.
O-O O-O 9. Qe2 Qc7 10. Re1 g6 11. Ne5 Nh5 12. g3 Ne7 13. f4 f6 14. Nef3 Nc6 15.
Nf1 Bd7 16. Be3 e5 17. fxe5 fxe5 18. Nxe5 Nxe5 19. dxe5 Bxe5 20. Qd2 Rae8 21.
Bc2 Bc6 22. Bd4 Nf6 23. Bb3 Kh8 24. Rxe5 Rxe5 25. Qf4 Nd7 26. Bxe5+ Qxe5 27.
Qxe5+ Nxe5 28. Ne3 Nf3+ 29. Kg2 d4 30. cxd4 Nxd4+ 31. Bd5 Bxd5+ 32. Nxd5 Rd8
33. Nc3 Nf5 34. Re1 Rd2+ 35. Re2 Rxe2+ 36. Nxe2 Kg7 37. Kf3 Kf6 1/2-1/2

[Event "29.Schlosspark-Open"]
[Site "Wiesbaden-Biebrich"]
[Date "2017.08.26"]
[Round "4.20"]
[White "Musiolik, David"]
[Black "Klein, Joachim"]
[Result "0-1"]
[WhiteElo "1944"]
[BlackElo "2170"]
[PlyCount "46"]
[EventDate "2017.??.??"]
[WhiteTeam "SC Ramstein"]
[BlackTeam "SC Illingen"]

1. e4 g6 2. d4 Bg7 3. Nc3 c6 4. Bc4 d5 5. exd5 b5 6. Bb3 b4 7. Na4 cxd5 8. c3
a5 9. Qf3 Nf6 10. Ne2 O-O 11. O-O Bg4 12. Qe3 Bxe2 13. Qxe2 e6 14. cxb4 axb4
15. Bd2 Nc6 16. Rfc1 Nxd4 17. Qd3 Ng4 18. Bxb4 Qh4 19. h3 Nxf2 20. Qe3 Nf5 21.
Qe2 Qxb4 22. Kxf2 Bd4+ 23. Kf3 Be3 0-1

[Event "29.Schlosspark-Open"]
[Site "Wiesbaden-Biebrich"]
[Date "2017.08.26"]
[Round "4.21"]
[White "Everett, Elijah"]
[Black "Berberich, Christoph"]
[Result "1/2-1/2"]
[WhiteElo "2168"]
[BlackElo "1948"]
[PlyCount "52"]
[EventDate "2017.??.??"]
[WhiteTeam "SF Schöneck"]
[BlackTeam "SGEM Dreisamtal"]

1. e4 c5 2. Nf3 Nc6 3. d4 cxd4 4. Nxd4 Nf6 5. Nc3 e5 6. Ndb5 d6 7. Bg5 a6 8.
Na3 b5 9. Nd5 Be7 10. Bxf6 Bxf6 11. c3 O-O 12. Nc2 Bg5 13. a4 bxa4 14. Rxa4 a5
15. Bc4 Rb8 16. b3 Be6 17. Nce3 Bxe3 18. Nxe3 Ne7 19. O-O Qb6 20. Ra3 Qc5 21.
Ra2 Rfd8 22. Bxe6 fxe6 23. Nc4 d5 24. exd5 exd5 25. Nxe5 Qxc3 26. Nf3 Qxb3
1/2-1/2

[Event "29.Schlosspark-Open"]
[Site "Wiesbaden-Biebrich"]
[Date "2017.08.26"]
[Round "4.22"]
[White "Hoppe, Thilo"]
[Black "Muckle, Richard"]
[Result "1-0"]
[WhiteElo "2084"]
[BlackElo "1936"]
[PlyCount "93"]
[EventDate "2017.??.??"]
[WhiteTeam "SC Bonn Beuel"]
[BlackTeam "SK Ludwigshafen"]

1. d4 d5 2. c4 e6 3. Nc3 Nf6 4. Bg5 Be7 5. e3 h6 6. Bh4 Nc6 7. Nf3 O-O 8. Rc1
Re8 9. Be2 dxc4 10. Bxc4 Nd7 11. Bg3 Nb6 12. Bb5 Bd7 13. O-O Rc8 14. a3 Nb8 15.
Bd3 Nc6 16. e4 a6 17. Qe2 e5 18. dxe5 Bg4 19. Qe3 Bc5 20. Qxc5 Qxd3 21. Rfd1
Qc4 22. Qe3 Bxf3 23. Qxf3 Qb3 24. Nd5 Qxf3 25. gxf3 Nxd5 26. Rxd5 Nb8 27. b4
Kf8 28. Kg2 Re6 29. f4 Ke8 30. Rcd1 Re7 31. Bh4 Rd7 32. f5 Rxd5 33. exd5 Nd7
34. f4 Nb6 35. Kf3 Nc4 36. Rd3 Nb6 37. Ke4 Nd7 38. e6 Nb6 39. Rg3 Kf8 40. e7+
Kg8 41. Bf6 g6 42. fxg6 Nd7 43. Kf5 fxg6+ 44. Rxg6+ Kh7 45. Rg7+ Kh8 46. Rg3+
Kh7 47. Ke6 1-0

[Event "29.Schlosspark-Open"]
[Site "Wiesbaden-Biebrich"]
[Date "2017.08.26"]
[Round "4.23"]
[White "Kobs, Stephan"]
[Black "Zilberman, Polina"]
[Result "1/2-1/2"]
[WhiteElo "1937"]
[BlackElo "2149"]
[PlyCount "27"]
[EventDate "2017.??.??"]
[WhiteTeam "SV Esens"]
[BlackTeam "SC Rohrbach-Boxberg"]

1. e4 e6 2. d4 d5 3. Nc3 Bb4 4. Nge2 dxe4 5. a3 Be7 6. Nxe4 Nf6 7. N2g3 Nbd7 8.
Be2 O-O 9. O-O Nxe4 10. Nxe4 Nf6 11. Nxf6+ Bxf6 12. c3 e5 13. dxe5 Bxe5 14.
Qxd8 1/2-1/2

[Event "29.Schlosspark-Open"]
[Site "Wiesbaden-Biebrich"]
[Date "2017.08.26"]
[Round "4.24"]
[White "Neukirchner, Pascal"]
[Black "Wachsmann, Dietmar"]
[Result "1-0"]
[WhiteElo "2142"]
[BlackElo "1923"]
[PlyCount "75"]
[EventDate "2017.??.??"]
[WhiteTeam "SK Gründau"]
[BlackTeam "SC Groß-Umstadt"]

1. d4 d5 2. c4 e6 3. g3 c6 4. Nf3 dxc4 5. Bg2 Qc7 6. a4 Nf6 7. Ne5 c5 8. Na3
cxd4 9. Naxc4 Nbd7 10. Bf4 Bb4+ 11. Kf1 Nh5 12. Qxd4 Nxf4 13. gxf4 Bc5 14. Qc3
O-O 15. Rg1 Nf6 16. Qg3 Rd8 17. Bf3 Bf8 18. Ne3 Bd7 19. Qg5 Ne8 20. N3g4 g6 21.
Nh6+ Bxh6 22. Qxh6 Bc6 23. Bxc6 bxc6 24. Rc1 Rd6 25. Rg3 Qb7 26. b3 Nf6 27. Rh3
Rad8 28. Kg2 c5+ 29. f3 Rd2 30. Kf2 Qd5 31. Re1 Qd4+ 32. Kf1 Rd1 33. Qh4 Qe3
34. Nd3 Rxe1+ 35. Qxe1 Ne4 36. Nf2 Nd2+ 37. Kg2 Qxb3 38. Ng4 1-0

[Event "29.Schlosspark-Open"]
[Site "Wiesbaden-Biebrich"]
[Date "2017.08.26"]
[Round "4.25"]
[White "Puschendorf, Steffen"]
[Black "Arns, Alexander"]
[Result "1/2-1/2"]
[WhiteElo "2115"]
[BlackElo "1891"]
[PlyCount "104"]
[EventDate "2017.??.??"]
[WhiteTeam "ESV Gera"]
[BlackTeam "SF HN-Biberach"]

1. d4 Nf6 2. c4 e6 3. g3 d5 4. Nf3 Be7 5. Bg2 O-O 6. Nc3 Nbd7 7. O-O dxc4 8. e4
c5 9. a4 cxd4 10. Qxd4 Qc7 11. Bf4 Qc5 12. Rad1 Qxd4 13. Rxd4 Bc5 14. Rdd1 Re8
15. e5 Nd5 16. Nxd5 exd5 17. Rxd5 Bf8 18. Rd4 Nc5 19. Rxc4 Be6 20. Rd4 Nb3 21.
Rdd1 Bc4 22. Rfe1 Nc5 23. Rd4 Bb3 24. Ng5 f6 25. Nf3 Bxa4 26. exf6 gxf6 27.
Rxe8 Rxe8 28. Be3 Bc6 29. Rg4+ Kf7 30. Rh4 Rd8 31. h3 Kg8 32. b4 Ne6 33. Bxa7
Rd1+ 34. Kh2 Rb1 35. Rg4+ Kf7 36. Rh4 h6 37. Be3 Kg6 38. Rg4+ Kf7 39. Rh4 Kg6
40. Bd2 Rb2 41. Be1 Re2 42. Bf1 Rb2 43. Nd4 Ng5 44. Bc3 Rxf2+ 45. Kg1 Rf3 46.
Nxf3 Nxf3+ 47. Kf2 Nxh4 48. gxh4 f5 49. Be2 Bd6 50. b5 Bc5+ 51. Kg3 Bd6+ 52.
Kf2 Bc5+ 1/2-1/2